[Event "Gibtelecom Masters"]
[Site "Gibraltar ENG"]
[Date "2006.01.28"]
[Round "5"]
[White "Gyimesi,Z"]
[Black "Arakhamia,K"]
[Result "1-0"]
[WhiteElo "2602"]
[BlackElo "2426"]

1.d4 Nf6 2.c4 g6 3.Nc3 Bg7 4.e4 d6 5.Nf3 O-O 6.Be2 Na6 7.O-O e5 8.Re1 c6
9.Bf1 Bg4 10.d5 c5 11.h3 Bd7 12.Bg5 Kh8 13.Qd2 Rg8 14.Bd3 Qf8 15.Rf1 Ne8
16.Nh4 f6 17.Be3 Qe7 18.f4 exf4 19.Rxf4 Bh6 20.Rf2 Bxe3 21.Qxe3 g5 22.Nf5 Bxf5
23.Rxf5 Nb8 24.e5 dxe5 25.Raf1 Nd7 26.Ne4 Nd6 27.Nxd6 Qxd6 28.h4 Rg7 29.hxg5 fxg5
30.Rxg5 Qh6 31.Rg3 Qxe3+ 32.Rxe3 Rag8 33.Rf2 Rg5 34.Bf5 R8g7 35.Be6 Re7 36.Ref3 e4
37.Re3 Kg7 38.Rxe4 Nf8 39.Rfe2 Rg6 40.Bc8 Rf7 41.Bg4 Rgf6 42.Re7 Rf1+ 43.Kh2 Rf4
44.R7e4 b6 45.Kg3 R4f6 46.Bh5 Rd7 47.Be8 Rc7 48.Re7+ Rxe7 49.Rxe7+  1-0

[Event "Gibtelecom Masters"]
[Site "Gibraltar ENG"]
[Date "2006.01.28"]
[Round "5"]
[White "Schuurman,P"]
[Black "Gilbert,Je"]
[Result "1/2-1/2"]
[WhiteElo "2234"]
[BlackElo "2098"]

1.d4 g6 2.c4 Bg7 3.e4 d6 4.Nf3 Nf6 5.Nc3 O-O 6.Be2 e5 7.Be3 h6 8.O-O Ng4
9.Bc1 Nc6 10.d5 Ne7 11.Nd2 h5 12.b4 f5 13.c5 Nf6 14.Ba3 Bh6 15.b5 Bxd2 16.Qxd2 fxe4
17.Rae1 Bf5 18.Bc4 Kg7 19.Qg5 Rh8 20.h4 Neg8 21.f3 exf3 22.Rxf3 Nh6 23.Ref1 Nh7
24.Qg3 Bg4 25.Bd3 Rf8 26.Rxf8 Nxf8 27.Bc1 Nf7 28.Ne4 dxc5 29.Ng5 Nxg5 30.Qxe5+ Kg8
31.Bxg5 Qd6 32.Qc3 Re8 33.Bc4 Bf5 34.Bf4 Qd8 35.d6+ Kh7 36.dxc7 Qxh4 37.Bd5 b6
38.Bg3 Qg5 39.Re1 Rxe1+ 40.Qxe1 Bc8 41.Bf3 Ne6 42.Kh2 c4 43.Bc6 Qf5 44.Qc3 h4
45.Bxh4 Nxc7 46.Qxc4 Be6 47.Qb4 Bxa2 48.Qe7+ Qf7 49.Qe5 a6 50.Be1 Nxb5 51.Bxb5 axb5
52.Bc3 Qf8 53.Kg3 Bc4 54.Bd4 g5 55.Qxg5 Qg8 56.Qxg8+  1/2-1/2

[Event "Gibtelecom Masters"]
[Site "Gibraltar ENG"]
[Date "2006.01.30"]
[Round "7"]
[White "Grooten,H"]
[Black "Ocana Roca,J"]
[Result "1-0"]
[WhiteElo "2365"]
[BlackElo "2125"]

1.d4 Nf6 2.c4 g6 3.Nc3 Bg7 4.e4 d6 5.Nf3 O-O 6.Be2 e5 7.Be3 Ng4 8.Bg5 f6
9.Bh4 Nc6 10.d5 Ne7 11.Nd2 Nh6 12.f3 g5 13.Bf2 Ng6 14.g4 Nf4 15.Nf1 c5 16.Ne3 Nf7
17.Bf1 a6 18.a3 Re8 19.b4 b6 20.Rb1 Bd7 21.h3 Qc7 22.Qb3 Rab8 23.a4 Rec8
24.Nf5 Re8 25.Rh2 h5 26.Be3 h4 27.Rhb2 Bxf5 28.gxf5 Ra8 29.Qa3 a5 30.bxc5 bxc5
31.Rb7 Qc8 32.R7b6 Bf8 33.Qb3 Ra7 34.Kf2 Ree7 35.Rb8 Qd7 36.Qb6 Qc7 37.Qc6 Qd7
38.R1b6 Rc7 39.Qa8  1-0

[Event "ch-Serbia"]
[Site "Vrnjacka Banja SCG"]
[Date "2006.01.30"]
[Round "1"]
[White "Mirkovic,St"]
[Black "Stupavski,Z"]
[Result "1/2-1/2"]
[WhiteElo "2191"]
[BlackElo "2409"]

1.Nf3 Nf6 2.c4 g6 3.Nc3 Bg7 4.e4 d6 5.d4 O-O 6.Be2 e5 7.O-O exd4 8.Nxd4 Re8
9.f3 Nc6 10.Nxc6 bxc6 11.Be3 Be6 12.Qd2 Nd7 13.Rad1 f5 14.exf5 Bxf5 15.Rfe1 Ne5
16.h3 Be6 17.b3 Nf7 18.f4 Qf6 19.Ne4 Qb2 20.Qxb2 Bxb2 21.Bd4 Bxd4+ 22.Rxd4 Kg7
23.Nc3 Bd7 24.Kf2 c5 25.Rdd1 Bc6 26.Bf3 Bxf3 27.Kxf3 c6 28.g4 a5  1/2-1/2

[Event "Open"]
[Site "Moscow RUS"]
[Date "2006.02.02"]
[Round "5"]
[White "Yuferov,S"]
[Black "Novikov,St"]
[Result "1/2-1/2"]
[WhiteElo "2417"]
[BlackElo "2520"]

1.d4 Nf6 2.c4 d6 3.Nf3 g6 4.Nc3 Bg7 5.e4 O-O 6.Be2 Na6 7.O-O e5 8.Be3 Ng4
9.Bg5 Qe8 10.h3 f6 11.Bd2 Nh6 12.dxe5 dxe5 13.c5 Nxc5 14.Qc1 Nf7 15.Nd5 Ne6
16.Nxc7 Nxc7 17.Qxc7 Nd8 18.Bc4+ Be6 19.Bd5 Rf7 20.Qc4 Rc8 21.Qb3 Rd7 22.Bxe6+ Qxe6
23.Qxe6+ Nxe6 24.Rac1 Rdc7 25.Rxc7 Rxc7 26.Rc1 Rxc1+ 27.Bxc1 b6 28.Be3 f5
29.b3 Kf7 30.Kf1 Kf6 31.exf5 gxf5 32.g3 Bf8  1/2-1/2

[Event "ch-Serbia"]
[Site "Vrnjacka Banja SCG"]
[Date "2006.02.03"]
[Round "7"]
[White "Vukanovic,S"]
[Black "Djokic,Neb"]
[Result "1/2-1/2"]
[WhiteElo "2337"]
[BlackElo "2253"]

1.Nf3 Nf6 2.c4 g6 3.Nc3 Bg7 4.d4 d6 5.e4 O-O 6.Be2 e5 7.d5 a5 8.Bg5 h6 9.Bh4 Na6
10.Nd2 Qe8 11.a3 Bd7 12.O-O a4 13.Nb5 g5 14.Bg3 Qb8 15.Kh1 c6  1/2-1/2

[Event "ch-Serbia"]
[Site "Vrnjacka Banja SCG"]
[Date "2006.02.03"]
[Round "7"]
[White "Lapcevic,M"]
[Black "Arsovic,Z"]
[Result "0-1"]
[WhiteElo "2282"]
[BlackElo "2417"]

1.d4 Nf6 2.c4 d6 3.Nc3 Nbd7 4.e4 e5 5.Nf3 g6 6.Be2 Bg7 7.O-O O-O 8.Re1 c6
9.Bf1 h6 10.b3 Nh7 11.Ba3 exd4 12.Nxd4 Qa5 13.Bb2 Nc5 14.Qd2 Nf6 15.Rad1 Qb6
16.Qc2 a5 17.h3 Re8 18.Nf3 a4 19.Nxa4 Nxa4 20.bxa4 Qb4 21.Bc3 Qxa4 22.Qb2 Qxa2
23.Bxf6 Qxb2 24.Bxb2 Bxb2 25.Rxd6 Kf8 26.Rdd1 Bc3 27.Re2 Ra4 28.Rc2 Bg7 29.Bd3 Rd8
30.Kf1 Be6 31.Ke2 Ra3 32.Rcc1 Ke7 33.Rb1 Rd7 34.Rbc1 Kd8 35.Ne1 g5 36.Rc2 Kc7
37.Rb1 Rd8 38.Rcc1 Bc3 39.Nc2 Ra2 40.Ke3 Bd2+ 41.Kxd2 Bxc4 42.Ra1 Rxd3+ 43.Ke1 Rxa1
44.Rxa1 Be6 45.Ke2 Rc3 46.Kd2 Rb3 47.Nd4 Rb2+ 48.Ke3 Bc8 49.Ra5 b5 50.Ra7+ Bb7
51.Nf5 Kb6 52.Ra1 c5 53.Nxh6 Rb3+ 54.Ke2 f6 55.f3 Rb2+ 56.Ke3 Rxg2 57.Ng4 b4
58.Nxf6 b3 59.Rb1 c4 60.e5 Kc5 61.e6 Kd6 62.Kd4 Kxe6 63.Ng4 Bd5 64.Ne3 Rd2+
65.Kc5 c3 66.Re1 Bxf3 67.Nd1+ Re2 68.Rxe2+ Bxe2 69.Nxc3 b2 70.Kb4 Bd3  0-1

[Event "3rd ch-Mediterranean"]
[Site "Antalya TUR"]
[Date "2006.02.04"]
[Round "6"]
[White "Mohammad,Sa"]
[Black "Topel,Z"]
[Result "1-0"]
[WhiteElo "2320"]
[BlackElo "2103"]

1.d4 Nf6 2.c4 g6 3.Nc3 Bg7 4.e4 d6 5.Be2 O-O 6.Nf3 e5 7.d5 Nbd7 8.Bg5 h6
9.Bh4 a6 10.Nd2 Qe8 11.O-O Nh7 12.b4 Bf6 13.Bg3 Bg5 14.f3 f5 15.Qc2 Be3+
16.Bf2 Bxf2+ 17.Rxf2 a5 18.Nb5 Qd8 19.c5 Ndf6 20.cxd6 c6 21.dxc6 bxc6 22.Qxc6 Ra6
23.Qc4+ Kh8 24.bxa5 Bd7 25.Qc5 Bxb5 26.Bxb5 Rxd6 27.Nc4 Rd1+ 28.Rxd1 Qxd1+
29.Rf1 Qd4+ 30.Qxd4 exd4 31.exf5 gxf5 32.a6 Nd5 33.Bc6 Nb4 34.Bb7 Nxa6 35.Bxa6 Ra8
36.Bb7 Rxa2 37.Rd1 Ra7 38.Bc6 Rc7 39.Ne5 Nf6 40.Rxd4 Kg7 41.Rb4 Kf8 42.Rb7 Rxb7
43.Bxb7 Ke7 44.Bc8  1-0

[Event "ch-Serbia"]
[Site "Vrnjacka Banja SCG"]
[Date "2006.02.04"]
[Round "8"]
[White "Marcetic,N"]
[Black "Mrsevic,M"]
[Result "0-1"]
[WhiteElo "2390"]
[BlackElo "2202"]

1.d4 Nf6 2.c4 g6 3.Nc3 Bg7 4.e4 d6 5.Be2 O-O 6.Nf3 e5 7.Be3 Ng4 8.Bg5 f6
9.Bc1 Nc6 10.d5 Ne7 11.h3 Nh6 12.h4 f5 13.h5 f4 14.Ng5 c6 15.Ne6 Bxe6 16.dxe6 Rf6
17.hxg6 Rxg6 18.g3 fxg3 19.fxg3 Rxg3 20.Bh5 Qb6 21.Ne2 Ng4 22.Bxg4 Rxg4 23.Qxd6 Rf8
24.Rf1 Rg2 25.Rxf8+ Bxf8 26.Qd3 Qf2+ 27.Kd1 Qf1+ 28.Kd2 Ng6 29.Kc3 Qxe2 30.Qxe2 Rxe2
31.Bg5 Bc5 32.Rd1 Bd4+ 33.Kd3 Rf2 34.c5 Bxc5 35.b4 Bd4 36.b5 Nf4+ 37.Bxf4 Rxf4
38.bxc6 bxc6 39.Rc1 Rf3+ 40.Ke2 Rf2+ 41.Kd3 Rf3+ 42.Ke2 Re3+ 43.Kd2 Kf8 44.Rxc6 Ke7  0-1

[Event "TCh-BEL 2005-6"]
[Site "Belgium BEL"]
[Date "2006.02.05"]
[Round "8"]
[White "Cnossen,W"]
[Black "Van der Linde,Ma"]
[Result "1-0"]
[WhiteElo "2160"]
[BlackElo "2240"]

1.Nf3 Nf6 2.c4 g6 3.Nc3 Bg7 4.e4 d6 5.d4 O-O 6.Be2 Nbd7 7.O-O e5 8.Be3 Re8
9.d5 a5 10.a3 Rf8 11.Nd2 Ne8 12.Rb1 f5 13.f3 Ndf6 14.b4 axb4 15.axb4 f4 16.Bf2 g5
17.c5 h5 18.h3 Rf7 19.Nc4 Bh6 20.cxd6 cxd6 21.Nb6 Rb8 22.Nxc8 Rxc8 23.Qd3 Rg7
24.Rfc1 g4 25.Kh1 gxh3 26.gxh3 Qd7 27.Bf1 Nh7 28.Ne2 Rxc1 29.Rxc1 Ng5 30.Ng1 h4
31.Qb5 Qf7 32.Rc8 Kf8 33.Qb6 Nxe4 34.fxe4 Qg6 35.Nf3 Kg8 36.Qd8  1-0

[Event "FSIMA February"]
[Site "Budapest HUN"]
[Date "2006.02.05"]
[Round "2"]
[White "Nguyen Huynh Minh H"]
[Black "Sanchez,Lo"]
[Result "1-0"]
[WhiteElo "2217"]
[BlackElo "2301"]

1.d4 Nf6 2.c4 g6 3.Nc3 Bg7 4.e4 O-O 5.Nf3 d6 6.Be2 e5 7.Be3 Nbd7 8.O-O Qe7
9.Qc2 c6 10.d5 c5 11.Ne1 Ne8 12.Nd3 f5 13.exf5 gxf5 14.f4 Kh8 15.Rae1 e4
16.Nf2 Ndf6 17.h3 h5 18.g3 Nc7 19.Qd2 Qf7 20.g4 fxg4 21.hxg4 Nxg4 22.Nxg4 Bxg4
23.Bxg4 Qg6 24.Nxe4 hxg4 25.Qg2 Rad8 26.Ng3 Qd3 27.Qe2 Qxe2 28.Rxe2 Rde8
29.Kg2 b5 30.b3 Rf7 31.Rh1+ Kg8 32.Rh4 Rfe7 33.Nf5 Rd7 34.Rxg4 Kf8 35.Kf3 Red8
36.Bxc5 dxc5 37.Nxg7 Rxg7 38.Rxg7 Kxg7 39.Re7+ Kf6 40.Rxc7 bxc4 41.bxc4 Rb8
42.Rxc5 Rb4 43.d6 Ke6 44.Rd5  1-0

[Event "ch-Serbia"]
[Site "Vrnjacka Banja SCG"]
[Date "2006.02.05"]
[Round "9"]
[White "Mirkovic,St"]
[Black "Radosavljevic,No"]
[Result "1-0"]
[WhiteElo "2191"]
[BlackElo "2142"]

1.Nf3 g6 2.c4 Bg7 3.e4 d6 4.d4 Nf6 5.Nc3 O-O 6.Be2 Nbd7 7.O-O e5 8.Be3 c6
9.d5 c5 10.a3 Ng4 11.Bg5 f6 12.Bd2 a6 13.b4 Nh6 14.Na4 b6 15.bxc5 bxc5 16.Qe1 Nf7
17.Rb1 f5 18.Ba5 Qf6 19.Nd2 Qh4 20.g3 Qg5 21.Bf3 h5 22.Bg2 h4 23.Nf3 Qf6
24.Nxh4 Ng5 25.Bd2 f4 26.Rb3 Rb8 27.Qb1 Ra8 28.Nf3 Nf7 29.Bh3 Ra7 30.Be6 Kh7
31.g4 Bh6 32.h4 g5 33.h5 Qd8 34.Nh2 Bg7 35.f3 Bf6 36.Qb2 Qe7 37.Rb1 Kg7 38.Ba5 Rh8
39.Nb6 Nxb6 40.Bxb6 Ra8 41.Bxc8 Rhxc8 42.Ba5 Qe8 43.Be1 Qa4 44.Qc3 Ra7 45.Rb6 Bd8
46.Qb3 Qd7 47.Rb7 Rc7 48.Rxa7 Rxa7 49.Qb8 Nh6 50.Kf1 Kf7 51.Kf2 Ke7 52.Nf1 Rc7
53.Ba5 Rc8 54.Bxd8+ Rxd8 55.Qb7 Qxb7 56.Rxb7+ Rd7 57.Rb6 Ra7 58.Nd2 Nf7 59.Nb3 Kd7
60.Na5 Kc7 61.Rb1 Nh6 62.Ke2 Kc8 63.Kd3 Kc7 64.Kc2 Kc8 65.Nc6 Rf7 66.Rb8+ Kc7
67.Ra8 Kb6 68.a4 Rf6 69.a5+ Kc7 70.Ra7+ Kc8 71.Ra8+ Kb7 72.Ra7+ Kc8 73.Rxa6 Nxg4
74.Ra8+ Kc7 75.Ra7+ Kc8 76.Re7 Ne3+ 77.Kd3  1-0

[Event "FSIMB February"]
[Site "Budapest HUN"]
[Date "2006.02.08"]
[Round "5"]
[White "Duong The Anh"]
[Black "Galyas,M"]
[Result "0-1"]
[WhiteElo "2287"]
[BlackElo "2374"]

1.d4 Nf6 2.c4 g6 3.Nc3 Bg7 4.e4 d6 5.Nf3 O-O 6.Be2 e5 7.O-O Na6 8.Be3 Ng4
9.Bg5 Qe8 10.dxe5 dxe5 11.h3 f6 12.Bd2 Nh6 13.a3 c6 14.b4 Nf7 15.Qc2 f5 16.Rad1 f4
17.Na4 Kh8 18.Bc3 h5 19.Qb2 b6 20.b5 Nc7 21.bxc6 g5 22.Rd5 Nxd5 23.exd5 Rg8
24.Re1 g4 25.hxg4 hxg4 26.Nh2 f3 27.Bd3 Qe7 28.Bg6 Qf6 29.Qc2 fxg2 30.Kxg2 Ng5
31.Rxe5 g3 32.fxg3 Bh3+ 33.Kh1 Raf8 34.g4 Bxg4 35.Bd3 Bf3+ 36.Nxf3 Qxf3+
37.Kg1 Qg3+  0-1

[Event "ch-CZE"]
[Site "Brno CZE"]
[Date "2006.02.12"]
[Round "6"]
[White "Polak,T"]
[Black "Bernasek,J"]
[Result "1/2-1/2"]
[WhiteElo "2485"]
[BlackElo "2446"]

1.Nf3 Nf6 2.c4 g6 3.Nc3 d6 4.d4 Bg7 5.e4 O-O 6.Be2 e5 7.d5 a5 8.Bg5 Na6 9.Nd2 h6
10.Be3 Qe8 11.h4 h5 12.f3 Bd7 13.g4 Qc8 14.Rg1 Nc5 15.Nb3 Na4 16.Nxa4 Bxa4
17.Qd3 hxg4 18.fxg4 Bd7 19.g5 Nh5 20.Bxh5 gxh5 21.c5 Bg4 22.Nd2 Qd7 23.Nc4 f5
24.cxd6 fxe4 25.Qb3 b5 26.Nd2 cxd6 27.Rc1 a4 28.Qb4 Rac8 29.Rc3 Rxc3 30.bxc3 Bf3
31.Rg3 Qc7 32.Kf2 Bg4+ 33.Kg1 Bf5 34.Kh2 Bg6 35.Nxe4 Bxe4 36.Qxe4 Qc4 37.Qxc4 bxc4
38.Bd2 Rb8 39.Rg2 Rb5 40.g6 Rxd5 41.Bg5 Rb5 42.Rf2 Rb7 43.Rd2 Bf8 44.Bf6 a3
45.Rd5 Be7 46.Bxe7 Rxe7 47.Rxd6 Rb7 48.Re6 Rb2+ 49.Kg3 Rxa2 50.Rxe5 Ra1 51.Ra5 Kg7
52.Ra6 a2 53.Kg2 Rc1 54.Rxa2 Kxg6 55.Kf3 Rxc3+ 56.Kf4 Rd3 57.Ra6+ Kf7 58.Rc6 Rd4+
59.Kg5 Ke7 60.Kxh5 Kd7 61.Ra6 c3 62.Ra1 Ke6 63.Rc1 Rc4 64.Kg5 Ke5 65.h5 Rc8
66.Kg6 Kd4  1/2-1/2

[Event "Premier"]
[Site "Portsmouth ENG"]
[Date "2006.02.17"]
[Round "1"]
[White "Ilett,R"]
[Black "Lappage,J"]
[Result "0-1"]
[WhiteElo "1916"]
[BlackElo "2141"]

1.d4 Nf6 2.c4 g6 3.Nc3 Bg7 4.e4 O-O 5.Nf3 d6 6.Be2 e5 7.dxe5 dxe5 8.Qxd8 Rxd8
9.Bg5 c6 10.Nxe5 Re8 11.O-O-O Na6 12.f4 Nc5 13.Bf3 h6 14.Bh4 g5 15.Bf2 Ncxe4
16.Nxe4 Nxe4 17.Bxe4 gxf4 18.Nxc6 Rxe4 19.Rd8+ Kh7 20.Nd4 Bf6 21.Rd5 Be6
22.Nxe6 fxe6 23.Rd7+ Kg6 24.Rxb7 Rxc4+ 25.Kb1 Rd8 26.Rc1 Re4 27.Rbc7 Re2
28.R7c2 Rdd2 29.Rxd2 Rxd2 30.Rc2 Rd1+ 31.Rc1 Rd7 32.b4 e5 33.Rc6 Kf5 34.Ra6 Rd2
35.Bxa7 Rxg2 36.b5 f3 37.Ra3 e4 38.b6 Rb2+ 39.Kc1 f2 40.Ra5+ Kg6  0-1

[Event "Masters"]
[Site "Bunratty IRL"]
[Date "2006.02.18"]
[Round "2"]
[White "Cafolla,P"]
[Black "Arakhamia,K"]
[Result "0-1"]
[WhiteElo "2080"]
[BlackElo "2426"]

1.d4 Nf6 2.c4 g6 3.Nc3 Bg7 4.e4 d6 5.Be2 O-O 6.Nf3 Na6 7.O-O e5 8.d5 Nc5
9.Qc2 a5 10.b3 Nh5 11.Be3 f5 12.Bxc5 dxc5 13.Ne1 Nf4 14.Bf3 g5 15.exf5 e4
16.f6 Qxf6 17.Nxe4 Qxa1 18.Nxg5 Bf5 19.Be4 Qe5 20.Nef3 Bxe4 21.Nxe4 Qf5 22.Nh4 Qh5  0-1

[Event "Masters"]
[Site "Bunratty IRL"]
[Date "2006.02.18"]
[Round "4"]
[White "Healy,T"]
[Black "Short,P"]
[Result "0-1"]
[WhiteElo "2028"]
[BlackElo "2284"]

1.d4 Nf6 2.Nf3 d6 3.c4 g6 4.Nc3 Bg7 5.e4 O-O 6.Be2 e5 7.d5 a5 8.O-O Na6 9.Ne1 Nc5
10.Qc2 Nfd7 11.Be3 f5 12.f3 f4 13.Bf2 g5 14.Nd3 h5 15.Nxc5 Nxc5 16.Rfd1 g4
17.Kf1 Qg5 18.Bg1 Qh4 19.Qd2 Rf6 20.Qe1 g3 21.hxg3 fxg3 22.Bd3 Bh3 23.Ke2 Qg5
24.Rdb1 h4 25.Nd1 Qh5 26.Ne3 Rf4 27.Nf5 Bxf5 28.exf5 e4 29.Bc2 exf3+ 30.Kf1 fxg2+  0-1

[Event "TCh-BEL 2005-6"]
[Site "Belgium BEL"]
[Date "2006.02.19"]
[Round "9"]
[White "Van der Stricht,G"]
[Black "Kovalev,An"]
[Result "0-1"]
[WhiteElo "2407"]
[BlackElo "2538"]

1.d4 Nf6 2.c4 d6 3.Nc3 Nbd7 4.e4 e5 5.Nf3 g6 6.Be2 Bg7 7.O-O O-O 8.Be3 c6
9.d5 c5 10.Ne1 Kh8 11.Nd3 Ng8 12.Nb5 Qe7 13.b4 b6 14.a4 a6 15.Nc3 a5 16.bxc5 bxc5
17.Rb1 f5 18.f3 Bh6 19.Bf2 Ngf6 20.Qc2 Nb8 21.Rb5 Bd7 22.Rb7 Na6 23.exf5 gxf5
24.Nb5 Rfb8 25.Rxb8+ Rxb8 26.Qc3 Nb4 27.Nc1 Rg8 28.Re1 Qg7 29.g3 Bxb5 30.axb5 f4
31.g4 Qg6 32.Nd3 e4 33.fxe4 Nxd3 34.Qxd3 Nxg4 35.Bxg4 Qxg4+ 36.Kf1 f3  0-1

[Event "TCh-BEL 2005-6"]
[Site "Belgium BEL"]
[Date "2006.02.19"]
[Round "9"]
[White "Kalka,A"]
[Black "Maes,W"]
[Result "1/2-1/2"]
[WhiteElo "2401"]
[BlackElo "2283"]

1.d4 Nf6 2.c4 g6 3.Nc3 Bg7 4.e4 d6 5.Nf3 O-O 6.Be2 e5 7.d5 a5 8.Bg5 h6 9.Bh4 Na6
10.Nd2 Qe8 11.a3 Bd7 12.O-O Nh7 13.b4 h5 14.h3 Bh6 15.c5 Bg5 16.Bxg5 Nxg5
17.cxd6 cxd6 18.Nc4 axb4 19.axb4 Qe7 20.Nb6 Rab8 21.Nxd7 Qxd7 22.Qd2 Qe7
23.Rab1 Rbc8 24.Rb3 Kg7 25.Ra1 Nb8 26.Ra7 f5 27.exf5 Rxf5 28.h4 Nh7 29.Bd3 Rf4
30.g3 Rd4 31.Qc2 Nf8 32.Qe2 Nh7 33.Qc2 Nf8 34.Qe2 Nh7 35.Qc2  1/2-1/2

[Event "Festival de Meurthe-et-Moselle A"]
[Site "Nancy FRA"]
[Date "2006.02.21"]
[Round "3"]
[White "Pucher,O"]
[Black "Helstroffer,A"]
[Result "0-1"]
[WhiteElo "2279"]
[BlackElo "2296"]

1.d4 Nf6 2.c4 g6 3.Nc3 Bg7 4.e4 d6 5.Nf3 O-O 6.Be2 e5 7.O-O Na6 8.Re1 Bg4
9.d5 c6 10.Be3 Ne8 11.Nd2 Bd7 12.Rb1 f5 13.f3 c5 14.a3 f4 15.Bf2 g5 16.b4 b6
17.g4 fxg3 18.hxg3 g4 19.fxg4 Qc8 20.g5 cxb4 21.axb4 Nxb4 22.Nf3 Na6 23.Nh4 h6
24.g4 Rf4 25.Nf5 Bxf5 26.gxf5 hxg5 27.Be3 Nf6 28.Bxf4 exf4 29.e5 dxe5 30.Bd3 Nc5
31.Rxe5 Ng4 32.Qxg4 Nxd3 33.Re2 Qxc4 34.f6 Qd4+ 35.Kf1 Bxf6 36.Ne4 f3 37.Qxf3 Rf8
38.Kg2 Be5 39.Qg4 Nf4+ 40.Kh1 Nxe2  0-1

[Event "13th Open Metalis"]
[Site "Bizovac CRO"]
[Date "2006.02.23"]
[Round "2"]
[White "Ramesa,D"]
[Black "Kozul,Z"]
[Result "0-1"]
[WhiteElo "2261"]
[BlackElo "2600"]

1.c4 g6 2.d4 Bg7 3.Nf3 d6 4.Nc3 Nf6 5.e4 O-O 6.Be2 Nbd7 7.O-O e5 8.Re1 h6
9.Rb1 exd4 10.Nxd4 Re8 11.Bf1 c6 12.Nb3 Qe7 13.Be3 Qf8 14.f3 Nh5 15.Qd2 f5
16.exf5 gxf5 17.f4 a5 18.a4 Nhf6 19.Rbd1 Nc5 20.Bxc5 Rxe1 21.Rxe1 dxc5 22.Bd3 b6
23.Qc2 Qf7 24.g3 Bd7 25.Nd2 Re8 26.Nf3 Rxe1+ 27.Nxe1 Ng4 28.Nf3 Bd4+ 29.Nxd4 cxd4
30.Nd1 c5 31.h3 Ne3 32.Nxe3 dxe3 33.Qc3 Qh5 34.Qe5 Qd1+ 35.Bf1 Qd4 36.Qxd4 cxd4
37.Bd3 Kf7 38.b3 Kf6 39.Kf1 Bc6 40.g4 fxg4 41.hxg4 Bf3 42.Be2 Be4 43.Ke1 d3
44.Bf1 Kg6  0-1

[Event "13th Open Metalis"]
[Site "Bizovac CRO"]
[Date "2006.02.24"]
[Round "3"]
[White "Bender,I"]
[Black "Mrgan,F"]
[Result "1-0"]
[WhiteElo "2307"]
[BlackElo "2023"]

1.d4 Nf6 2.c4 g6 3.Nc3 Bg7 4.e4 d6 5.Nf3 O-O 6.Be2 Nh5 7.O-O e5 8.h3 Nf4
9.Be3 f5 10.dxe5 fxe4 11.Nxe4 Qe7 12.Bxf4 Rxf4 13.Nc3 dxe5 14.Nd5 Qf7 15.Nxf4 Qxf4
16.Qd8+ Qf8 17.Rad1 Nc6 18.Qxf8+ Kxf8 19.b3 h6 20.Bd3 Kf7 21.Be4 g5 22.Bxc6 bxc6
23.Rfe1 Bxh3 24.gxh3  1-0

[Event "13th Open Metalis"]
[Site "Bizovac CRO"]
[Date "2006.02.24"]
[Round "3"]
[White "Saric,Ib"]
[Black "Karabaic,I"]
[Result "1-0"]
[WhiteElo "2461"]
[BlackElo "2115"]

1.d4 Nf6 2.c4 d6 3.Nf3 g6 4.Nc3 Bg7 5.e4 O-O 6.Be2 e5 7.Be3 Nc6 8.d5 Ne7
9.Nd2 Nd7 10.f3 a5 11.a3 f5 12.O-O f4 13.Bf2 g5 14.b4 b6 15.c5 axb4 16.axb4 Rxa1
17.Qxa1 bxc5 18.bxc5 Nxc5 19.Bxc5 dxc5 20.Nc4 Ng6 21.Na4 h5 22.Qd1 Qe7 23.Na5 Bd7
24.Nb7 Rb8 25.Naxc5 Bc8 26.Qa4 Bf8 27.Qa7 Bxb7 28.Nxb7 Rc8 29.Rc1 Qb4 30.Qa6 Kh7
31.Kf1 Qd2 32.Rd1 Qb4 33.Nc5 Re8 34.Ne6 Bd6 35.Nxg5+ Kg8 36.Qc6 Qb8 37.Ra1 Ne7
38.Qd7 Qc8 39.Qa4 h4 40.Ba6 Qb8 41.Qd7 Rf8 42.Qe6+ Kg7  1-0

[Event "13th Open Metalis"]
[Site "Bizovac CRO"]
[Date "2006.02.25"]
[Round "5"]
[White "Saric,Ib"]
[Black "Martic,Z"]
[Result "1-0"]
[WhiteElo "2461"]
[BlackElo "2273"]

1.Nf3 Nf6 2.c4 g6 3.Nc3 Bg7 4.e4 d6 5.d4 O-O 6.Be2 e5 7.Be3 c6 8.d5 Ng4 9.Bg5 f6
10.Bh4 Na6 11.Nd2 Nh6 12.f3 Nf7 13.Rb1 c5 14.a3 Bd7 15.b4 b6 16.O-O Qc8 17.Bf2 Bh6
18.bxc5 Nxc5 19.Nb3 Na4 20.Qe1 Nxc3 21.Qxc3 f5 22.Qb4 fxe4 23.fxe4 Ng5 24.Nd2 Bg4
25.Bd3 Qc7 26.Kh1 Rf7 27.Be3 Raf8 28.Rxf7 Nxf7 29.Nf1 Kg7 30.Bg1 Bg5 31.a4 Nh6
32.Ra1 Qf7 33.Ne3 Qe7 34.a5 Bf4 35.axb6 axb6 36.Qxb6 Qh4 37.Qxd6 Bg3 38.Ra7+ Rf7
39.Rxf7+ Nxf7 40.Qb6 h5 41.Qb2 Ng5 42.Nf1 Bf4 43.Qf2  1-0

[Event "13th Open Metalis"]
[Site "Bizovac CRO"]
[Date "2006.02.25"]
[Round "5"]
[White "Janchev,P"]
[Black "Armanda,I"]
[Result "1-0"]
[WhiteElo "2238"]
[BlackElo "2337"]

1.d4 Nf6 2.c4 g6 3.Nc3 Bg7 4.e4 d6 5.Nf3 O-O 6.Be2 e5 7.d5 a5 8.O-O Na6 9.Bg5 Qe8
10.Nd2 Bd7 11.Qc2 h5 12.f3 Nh7 13.Be3 f5 14.a3 f4 15.Bf2 g5 16.b4 g4 17.c5 g3
18.hxg3 fxg3 19.Be3 axb4 20.axb4 Qe7 21.Rfb1 dxc5 22.Bxa6 bxa6 23.bxc5 h4
24.Rb7 h3 25.Nf1 Qh4 26.Rxc7 h2+ 27.Kh1 Bh3 28.Qe2 Nf6 29.gxh3 Nh5 30.Qg2 Rab8
31.Rb1 Rxb1 32.Nxb1 Rb8 33.Nbd2 Bf6 34.d6 Bg5 35.d7 Rf8 36.Bxg5 Qxg5 37.Rc8  1-0

[Event "2nd Bundesliga Ost 2005-6"]
[Site "Austria AUT"]
[Date "2006.02.26"]
[Round "9"]
[White "Wiedermann,F"]
[Black "Rogetzer,K"]
[Result "1/2-1/2"]
[WhiteElo "2098"]
[BlackElo "2141"]

1.d4 Nf6 2.c4 g6 3.Nc3 Bg7 4.e4 d6 5.Nf3 O-O 6.Be2 e5 7.O-O exd4 8.Nxd4 Re8
9.f3 Nc6 10.Nc2 Nh5 11.Nd5 f5 12.g4  1/2-1/2

[Event "2nd Bundesliga Ost 2005-6"]
[Site "Austria AUT"]
[Date "2006.02.26"]
[Round "9"]
[White "Beim,V"]
[Black "Manik,M"]
[Result "1/2-1/2"]
[WhiteElo "2499"]
[BlackElo "2451"]

1.d4 Nf6 2.c4 g6 3.Nc3 Bg7 4.e4 d6 5.Nf3 O-O 6.Be2 Na6 7.O-O e5 8.Re1 c6
9.dxe5 dxe5 10.Qxd8 Rxd8 11.Nxe5 Nxe4 12.Nxe4 Bxe5 13.Bg5 Rf8 14.Bf6 Bxf6
15.Nxf6+ Kg7 16.Ne4  1/2-1/2

[Event "TCh-HUN 2005-6"]
[Site "Hungary HUN"]
[Date "2006.02.26"]
[Round "8"]
[White "Markus,R"]
[Black "Vajda,L"]
[Result "1/2-1/2"]
[WhiteElo "2595"]
[BlackElo "2526"]

1.d4 Nf6 2.c4 g6 3.Nc3 Bg7 4.e4 d6 5.Nf3 O-O 6.Be2 e5 7.Be3 Nbd7 8.d5 Ng4
9.Bg5 f6 10.Bh4 Nh6 11.h3 a5 12.Nd2 Nc5 13.f3 Bd7 14.b3 Kh8 15.a3 Qe8 16.Nb5 Bxb5
17.cxb5 Ng8 18.b4 axb4 19.axb4 Nd7 20.Bf2 Bh6 21.Nb3 f5 22.O-O Ndf6 23.Qc2 Qd7
24.Na5 b6 25.Nc6 Nh5 26.Bd3 Nf4 27.Rxa8 Rxa8 28.exf5 Nxd3 29.Qxd3 gxf5 30.Bh4 f4
31.Kh2 Bg7 32.Rc1 Bf6 33.Bf2 Nh6 34.g4 fxg3+ 35.Bxg3 Nf5 36.Rg1 Ra2+ 37.Rg2 Rxg2+
38.Kxg2 Nxg3 39.Kxg3 Bg5 40.Kg2 Bf4 41.Qc2 Qf7 42.Kf2 Qh5 43.Kg2 Qh4 44.Qf2 Qg5+
45.Kf1 Be3 46.Qg2 Qf5 47.Qg8+ Kxg8 48.Ne7+ Kf7 49.Nxf5 Bf4 50.Kf2 Kf6 51.Nh4 Bg5
52.Ng2 Kf5 53.Kg3 h6 54.h4 Bd2 55.Kf2 e4 56.Ke2 Bf4 57.Ne1 Ke5 58.fxe4 Kxe4
59.h5 Be5 60.Nf3 Bf6 61.Nh2 Kf4 62.Kd3 Bg5 63.Ke2 Bh4 64.Kd3 Be1 65.Nf1 Bxb4
66.Ne3 Bc5 67.Nc4 Bf2 68.Nd2 Ke5 69.Kc4 Be3 70.Nb1 Bd4 71.Nd2 Bc5 72.Nb3 Ke4
73.Nd2+ Ke3 74.Nb3 Kf4 75.Kd3 Be3 76.Na1 Bf2 77.Nc2 Kg5 78.Ke4 Kxh5 79.Kf5 Kh4
80.Nb4 Kg3 81.Kg6 Be3 82.Kh5 Kf3 83.Na6 Ke4 84.Nxc7 Kd4 85.Kg6 Kc4 86.Kh5 Bg5
87.Kg6 Kc5 88.Kh5 Kc4 89.Kg6 Bd8 90.Ne6 Kxd5 91.Nxd8 Ke4 92.Nf7 d5 93.Nd6+ Kd4
94.Kxh6 Kc5 95.Nf5 Kxb5 96.Kg5 Kc4 97.Kf4 b5 98.Ke5 b4 99.Nd4 b3 100.Nxb3 Kxb3
101.Kxd5  1/2-1/2

[Event "It"]
[Site "Soller ESP"]
[Date "2006.02.26"]
[Round "10"]
[White "Campos Moreno,J"]
[Black "Souleidis,G"]
[Result "1/2-1/2"]
[WhiteElo "2473"]
[BlackElo "2433"]

1.d4 Nf6 2.c4 g6 3.Nc3 Bg7 4.e4 d6 5.Nf3 O-O 6.Be2 e5 7.O-O Na6 8.Be3 Ng4
9.Bg5 Qe8 10.dxe5 dxe5 11.h3 f6 12.Bd2 Nh6 13.c5 Nxc5 14.Qc1 Nf7 15.Nd5 Ne6
16.Nxc7  1/2-1/2

[Event "1st ONGC Cup"]
[Site "Hyderabad IND"]
[Date "2006.02.28"]
[Round "4"]
[White "Sundararajan,K"]
[Black "Girinath,P"]
[Result "1-0"]
[WhiteElo "2495"]
[BlackElo "2350"]

1.d4 Nf6 2.c4 g6 3.Nc3 Bg7 4.e4 d6 5.Nf3 O-O 6.Be2 e5 7.Be3 exd4 8.Nxd4 Re8
9.f3 c6 10.Bf2 d5 11.exd5 cxd5 12.O-O Nc6 13.c5 Nh5 14.Qd2 Be5 15.g3 Ng7
16.Rfd1 Ne6 17.Nxe6 Bxe6 18.f4 Bxc3 19.Qxc3 Bf5 20.Bc4 Be4 21.b4 a6 22.Rd2 Qd7
23.Rad1 Qh3 24.Bf1 Qf5 25.a4 a5 26.b5 Nb4 27.Rc1 Re6 28.Bd4 Rae8 29.c6 bxc6
30.b6 g5 31.fxg5 Qxg5 32.Be3 Qg4 33.Bf4 d4 34.Qxd4 Nd5 35.Rf2 Rf6 36.Bd2 Rxf2
37.Qxf2 Nxb6 38.Bxa5 Nxa4 39.Rc4 Qd1 40.Qe3 f5 41.Rd4 Qa1 42.Qg5+ Kf7 43.Qh5+ Kf6  1-0

[Event "1st ONGC Cup"]
[Site "Hyderabad IND"]
[Date "2006.03.01"]
[Round "6"]
[White "Ashwath,R"]
[Black "Girinath,P"]
[Result "0-1"]
[WhiteElo "2214"]
[BlackElo "2350"]

1.d4 Nf6 2.c4 g6 3.Nc3 Bg7 4.e4 d6 5.Nf3 O-O 6.Be2 e5 7.d5 a5 8.Bg5 h6 9.Bh4 Na6
10.Nd2 h5 11.Bg5 Qe8 12.a3 Bd7 13.b3 Nh7 14.Be3 h4 15.Rb1 Qe7 16.b4 axb4
17.axb4 f5 18.f3 b6 19.Qb3 Bf6 20.Rg1 Bg5 21.Bf2 Qg7 22.Rb2 Qh6 23.Ncb1 Nf6
24.Bd3 Be3 25.Bc2 Bd4 26.Bxd4 exd4 27.exf5 gxf5 28.Kd1 Rfe8 29.Nf1 Qf4 30.Qd3 Qe5
31.Qd2 Kf7 32.Qf2 d3 33.Bxd3 Ba4+ 34.Kc1 Qf4+ 35.Nfd2 Re3 36.Qf1 Qd4 37.Bc2 Bxc2
38.Kxc2 Rae8 39.Qd1 Re2 40.Kc1 b5 41.Na3 Qe3 42.Nc2 Qb6 43.cxb5  0-1